00737nam a2200145Ia 4500008004100000050002900041100003000070245020800100260008600308300002900394521001500423942000700438999001900445952012700464140724s9999 xx 000 0 und d aPN 1995.9.D6b.G119 2008 aGabutero, Kristen Dalida. a"Chiseled through time (Inukit ng panahon)" a video documentary on the Wood Carving and Taka industries and the experience of the Wood carvers and Taka Makers of Paete, Laguna /cKristen Dalida Gabutero. aLas Piñas, Philippines :bSouthville International School and Colleges,cc2008. a117 p. :bill. ;c28 cm. aMedia Arts cTH c228939d228939 001040aCLbCLcTHESESd2014-07-24l1m3oPN 1995.9.D6 .G119 2008pT0293r2018-05-15 00:00:00s2016-02-04w2014-07-24yTH